000 00243 a2200085 4500
020 _a9780128210543
100 _aMarjan Eggermont, Vikram Shyam, Aloysius Hepp
245 _aBiomimicry for Materials, Design and Habitats
260 _bElsevier Wordmark
999 _c11370
_d11370